I Fasti: luoghi scelti
Shranjeno v:
| Glavni avtor: | |
|---|---|
| Format: | Knjiga |
| Jezik: | italijanščina |
| Izdano: |
Turín
Internazionale
1934
|
| Izdaja: | 5a. ed |
| Serija: | Scrittori Latini Commentati per le Scuole, 78
|
| Teme: | |
| Oznake: |
Označite
Brez oznak, prvi označite!
|
MARC
| LEADER | 00000nam a2200000 a 4500 | ||
|---|---|---|---|
| 001 | UCZ3383 | ||
| 003 | CL-VaPUC | ||
| 008 | 951020e19340000IT |||||||||||||||||ita|d | ||
| 082 | 0 | 4 | |a 871 |b OVI |2 21 |
| 100 | |a Ovidio Nasón, Publio |e autore |9 347165 | ||
| 245 | 1 | 2 | |a I Fasti: luoghi scelti |
| 250 | |a 5a. ed | ||
| 300 | |a 162 p | ||
| 942 | |c BK | ||
| 945 | |d 19951020 00:00:00 |a cmena | ||
| 260 | |a Turín |b Internazionale |c 1934 | ||
| 650 | 7 | |a POESIAS LATINAS |2 CL-VaPUC |9 347166 | |
| 650 | 0 | |a Oratoria latina |9 266621 | |
| 650 | 0 | |a Literatura latina |9 258055 | |
| 583 | |a last modification |c 20120618 10:59:26 |k Rodrigo Vera | ||
| 490 | 0 | |a Scrittori Latini Commentati per le Scuole, 78 | |
| 999 | |c 239864 |d 239862 | ||
| 952 | |0 0 |1 0 |4 0 |6 871_000000000000000_OVI_1934 |7 0 |8 P |9 251312 |a BIBEDU |b BIBEDU |c BIBEDU_PB |d 2019-11-18 |i 1587110 |o 871 OVI 1934 |p 1587110 |r 2024-01-25 |w 2019-11-18 |y BK |k FIL | ||